000 00621nam a2200277Ia 4500
005 20260324150743.0
008 008 260324s9999 xx 000 0 eng d
020 _a9781315007236
037 _aEBOOK
040 _aCRL
040 _beng
040 _cCRL
041 _2eng
041 _aeng
084 _qCRL
100 _aJosephine Klein
_91160380
245 0 _aNation and Family
260 _bTaylor and Francis
260 _c1945
365 _a
365 _b300
856 _uhttp://www.taylorfrancis.com/books/9781315007236
942 _cEBOOK
999 _c1837523
_d1837523